000 00439nam a2200157Ia 4500
005 20250610112654.0
008 008 250505s9999 xx 000 0 eng d
020 _a9789390644414
040 _beng
_cILCL
041 _aeng
_2eng
100 _aAtre, B R
245 0 _aFreedom of Conscience and Constitution
260 _aDelhi
_bLaw and Justice Publishing Company
_c2021
300 _axiv,262p.
942 _cTB
_2Colon Classification
999 _c1311849
_d1311849